| 000 | 00860nam a2200277 a 4500 | ||
|---|---|---|---|
| 001 | 33370 | ||
| 003 | CO-ViMGA | ||
| 005 | 20260224161240.0 | ||
| 008 | 141112s2004 ck r 000 u spa d | ||
| 020 | _a9580415048 | ||
| 020 | _a9789580415046 | ||
| 040 |
_aCO-ViMGA _bspa _cCO-ViMGA |
||
| 082 | 0 | 4 | _aU813.54 S31d |
| 084 | _aN SHA | ||
| 100 | 1 |
_aShaw, Diana _969169 |
|
| 245 | 1 | 0 |
_aDías de terror / _cDiana Shaw ; tr. de Magdalena Holguín ; il. de Juan Carlos Nicholls |
| 300 | _a247 p. : il. ; 19 cm. | ||
| 490 | _aTorre de papel. Torre amarilla | ||
| 521 | _aA partir de 11 años | ||
| 650 | 1 | 4 |
_aNovela juvenil estadounidense - Siglo XX _940854 |
| 700 | 1 |
_aHolguín, Magdalena, traductor tr. _940855 |
|
| 930 | _aMM | ||
| 942 |
_2ddc _cBK |
||
| 949 | _aUS823.54 S41d D.SAMPER LIBRO DEWEY DEWEY DEP/LEGAL GENERAL Y Y | ||
| 960 | _aUS823.54 S41d | ||
| 999 |
_c33370 _d33370 |
||